[Event "1st China King Match (tie-break)  2015"]
[Site "Taizhou CHN"]
[Date "2015.11.25"]
[Round "1"]
[White "Yu, Yangyi"]
[Black "Ni, Hua"]
[Result "1-0"]
[WhiteElo "2734"]
[BlackElo "2696"]
[PlyCount "193"]
[EventDate "2015.11.24"]

1. e4 e5 2. Nf3 Nc6 3. Bb5 Nf6 4. Nc3 Bb4 5. O-O O-O 6. d3 d6 7. Ne2 Ne7 8. c3
Ba5 9. Ng3 Ng6 10. d4 a6 11. Bd3 c5 12. dxc5 dxc5 13. a4 h6 14. Bc4 Qxd1 15.
Rxd1 Bg4 16. Be3 Rac8 17. Kf1 Be6 18. Nd2 Ng4 19. h3 Nxe3+ 20. fxe3 Bc7 21. Ke2
Rfd8 22. Bxe6 fxe6 23. a5 Ne7 24. Nc4 Nc6 25. Nh1 Rxd1 26. Kxd1 Kf7 27. Nf2 Nb8
28. Nd3 Nd7 29. Kc2 Ke7 30. Rf1 Ke8 31. Kb3 Ke7 32. Ka4 Bb8 33. Rd1 Ke8 34. Nf2
Rc6 35. Ng4 Ke7 36. Kb3 Ke8 37. Nh2 Nf6 38. Nd2 Ke7 39. Nhf3 Bc7 40. Ra1 Bb8
41. Ra4 Bc7 42. Nc4 Nd7 43. Kc2 Bb8 44. Ne1 Bc7 45. Nd3 Bb8 46. Ra3 Bd6 47. Rb3
Rc7 48. Kd2 Nf6 49. Nf2 Rd7 50. Ke2 Bb8 51. Kf3 h5 52. g4 hxg4+ 53. Nxg4 Nxg4
54. Kxg4 Kf6 55. h4 g6 56. Rb6 Kf7 57. Kg5 Bc7 58. Rb3 Bb8 59. Kg4 Kf6 60. Rb6
Kf7 61. h5 gxh5+ 62. Kxh5 Kf6 63. Kg4 Rg7+ 64. Kf3 Rd7 65. Ke2 Ke7 66. Rb3 Kf6
67. Nb6 Rh7 68. Kd3 Ba7 69. Nc4 Rd7+ 70. Ke2 Bb8 71. Ra3 Bc7 72. Ra1 Rg7 73.
Kd3 Rd7+ 74. Kc2 Rg7 75. Ra3 Rd7 76. Rb3 Bb8 77. Nb6 Rc7 78. Kd3 Ba7 79. Nc4
Bb8 80. Ra3 Rd7+ 81. Kc2 Bc7 82. Ra1 Rg7 83. Rh1 Ke7 84. Rh5 Kf6 85. Kb3 Kg6
86. Rh8 Kf6 87. Rc8 Rd7 88. Ka4 Ke7 89. Ka3 Kf6 90. Kb3 Ke7 91. Ka4 Kf6 92. b4
cxb4 93. cxb4 Ke7 94. b5 axb5+ 95. Kxb5 Kf6 96. a6 bxa6+ 97. Kc6 1-0

[Event "1st China King Match (tie-break)  2015"]
[Site "Taizhou CHN"]
[Date "2015.11.25"]
[Round "1"]
[White "Ni, Hua"]
[Black "Yu, Yangyi"]
[Result "1/2-1/2"]
[WhiteElo "2696"]
[BlackElo "2734"]
[PlyCount "66"]
[EventDate "2015.11.24"]

1. Nf3 Nf6 2. g3 b6 3. Bg2 Bb7 4. O-O c5 5. c4 e6 6. b3 Be7 7. Bb2 O-O 8. e3 d5
9. Qe2 dxc4 10. bxc4 Nc6 11. Nc3 Qc7 12. Nb5 Qb8 13. d4 a6 14. Nc3 Na5 15. Rac1
cxd4 16. exd4 Qc7 17. Nb1 Rac8 18. Nbd2 Rfd8 19. Rfe1 Re8 20. Ne5 Bxg2 21. Kxg2
Bb4 22. Red1 Bxd2 23. Rxd2 Nd7 24. Nxd7 Qxd7 25. Rdc2 Rc7 26. Kg1 f6 27. Qd3
Rec8 28. Ba3 Nc6 29. Rd1 Na5 30. c5 b5 31. Bc1 Nc6 32. Bf4 e5 33. Be3 Qd5
1/2-1/2

[Event "1st China Chess King Match 2015"]
[Site "Taizhou CHN"]
[Date "2015.11.26"]
[Round "3"]
[White "Bu, Xiangzhi"]
[Black "Lu, Shanglei"]
[Result "1/2-1/2"]
[WhiteElo "2710"]
[BlackElo "2615"]
[PlyCount "76"]
[EventDate "2015.11.24"]

1. d4 d5 2. c4 e6 3. Nf3 Nf6 4. g3 dxc4 5. Bg2 c5 6. O-O Nc6 7. dxc5 Bxc5 8.
Qa4 O-O 9. Qxc4 Be7 10. Nc3 Bd7 11. Rd1 Rc8 12. Bg5 h6 13. Bxf6 Bxf6 14. Qd3
Qb6 15. Ne4 Be7 16. Nd6 Rcd8 17. Qb3 Qc7 18. Nb5 Qb8 19. Nbd4 Bf6 20. e3 Rc8
21. Nxc6 Bxc6 22. Nd4 Bxg2 23. Kxg2 Rfd8 24. Nf3 Qc7 25. Rxd8+ Rxd8 26. Re1 Rd6
27. Re2 Rb6 28. Qa3 Qc4 29. Qxa7 Ra6 30. Qb8+ Kh7 31. Rd2 Rxa2 32. b3 Qxb3 33.
Rxa2 Qxa2 34. Qxb7 Kg8 35. Qc8+ Kh7 36. Qb7 Kg8 37. Qc8+ Kh7 38. Qb7 Kg8
1/2-1/2

[Event "1st China Chess King Match 2015"]
[Site "Taizhou CHN"]
[Date "2015.11.26"]
[Round "3"]
[White "Yu, Yangyi"]
[Black "Wei, Yi"]
[Result "1/2-1/2"]
[WhiteElo "2734"]
[BlackElo "2737"]
[PlyCount "35"]
[EventDate "2015.11.24"]

1. e4 e5 2. Nf3 Nc6 3. Bb5 a6 4. Ba4 Nf6 5. O-O Nxe4 6. d4 b5 7. Bb3 d5 8. dxe5
Be6 9. Qe2 Nc5 10. Rd1 Nxb3 11. axb3 Be7 12. c4 b4 13. cxd5 Bxd5 14. Qd3 Be4
15. Qe2 Bd5 16. Qd3 Be4 17. Qe2 Bd5 18. Qd3 1/2-1/2

[Event "1st China Chess King Match 2015"]
[Site "Taizhou CHN"]
[Date "2015.11.27"]
[Round "4"]
[White "Lu, Shanglei"]
[Black "Bu, Xiangzhi"]
[Result "0-1"]
[WhiteElo "2615"]
[BlackElo "2710"]
[PlyCount "62"]
[EventDate "2015.11.24"]

1. e4 e5 2. Nc3 Nf6 3. g3 c6 4. d4 exd4 5. Qxd4 d5 6. Nf3 Nbd7 7. exd5 Bc5 8.
Qd3 O-O 9. dxc6 Qb6 10. Be3 Bxe3 11. fxe3 bxc6 12. O-O-O Nc5 13. Qd4 Bg4 14.
Bg2 Rad8 15. Qf4 Rb8 16. b3 Rfe8 17. Rhe1 Nfe4 18. Nxe4 Rxe4 19. Qd6 Ra4 20.
Kb1 Ne4 21. Qe7 Qa5 22. Qe5 Qxe5 23. Nxe5 Bxd1 24. Kb2 Bxc2 25. Nxc6 Rb6 26.
Rc1 Rc4 27. Bxe4 Bxb3 28. axb3 Rxe4 29. Nxa7 Kf8 30. Rc8+ Ke7 31. Rc3 Kd7 0-1

[Event "1st China Chess King Match 2015"]
[Site "Taizhou CHN"]
[Date "2015.11.27"]
[Round "4"]
[White "Wei, Yi"]
[Black "Yu, Yangyi"]
[Result "1/2-1/2"]
[WhiteElo "2737"]
[BlackElo "2734"]
[PlyCount "60"]
[EventDate "2015.11.24"]

1. e4 c5 2. Nf3 Nc6 3. Bb5 e6 4. O-O Nge7 5. c3 a6 6. Ba4 b5 7. Bc2 Bb7 8. Re1
Rc8 9. a4 b4 10. d4 bxc3 11. d5 Nb4 12. bxc3 Nxc2 13. Qxc2 Ng6 14. c4 Be7 15.
Nc3 O-O 16. Rb1 Rb8 17. Bd2 Qc7 18. Rb3 Ba8 19. Reb1 Rb4 20. Na2 Rxb3 21. Qxb3
Bd6 22. Qb6 Rb8 23. Qxb8+ Qxb8 24. Rxb8+ Bxb8 25. Nc1 Bb7 26. Nd3 d6 27. Ba5
Bc8 28. Kf1 exd5 29. exd5 f6 30. Ke1 Kf7 1/2-1/2

[Event "1st China King Match (tie-break)  2015"]
[Site "Taizhou CHN"]
[Date "2015.11.27"]
[Round "2"]
[White "Yu, Yangyi"]
[Black "Wei, Yi"]
[Result "1/2-1/2"]
[WhiteElo "2734"]
[BlackElo "2737"]
[PlyCount "75"]
[EventDate "2015.11.24"]

1. e4 e5 2. Nf3 Nc6 3. d4 exd4 4. Nxd4 Nf6 5. Nxc6 bxc6 6. Qe2 Bc5 7. e5 Nd5 8.
c4 Ne7 9. Be3 Bxe3 10. Qxe3 d6 11. exd6 Qxd6 12. Bd3 O-O 13. Nc3 Nf5 14. Bxf5
Bxf5 15. O-O Rfe8 16. Qf3 Bg6 17. b3 h6 18. h3 Re6 19. Rad1 Qe5 20. Qg3 Qa5 21.
Rfe1 Rxe1+ 22. Rxe1 Rd8 23. Qe5 Qxe5 24. Rxe5 Rd2 25. Re8+ Kh7 26. Re2 Rd3 27.
Na4 Rd1+ 28. Kh2 h5 29. Kg3 Rd4 30. f3 h4+ 31. Kf2 Rd1 32. Nc5 Kh6 33. f4 Bh5
34. Re7 Rd2+ 35. Kg1 Rd1+ 36. Kf2 Rd2+ 37. Kg1 Rd1+ 38. Kf2 1/2-1/2

[Event "1st China King Match (tie-break)  2015"]
[Site "Taizhou CHN"]
[Date "2015.11.27"]
[Round "2"]
[White "Wei, Yi"]
[Black "Yu, Yangyi"]
[Result "1/2-1/2"]
[WhiteElo "2737"]
[BlackElo "2734"]
[PlyCount "146"]
[EventDate "2015.11.24"]

1. e4 c5 2. Nf3 Nc6 3. Bb5 e6 4. O-O Nge7 5. c3 a6 6. Ba4 b5 7. Bc2 Bb7 8. Re1
Ng6 9. d4 cxd4 10. cxd4 Rc8 11. Nc3 Na5 12. a3 Be7 13. g3 O-O 14. h4 f6 15. Qd3
Qe8 16. b3 f5 17. Bd2 fxe4 18. Nxe4 Rxc2 19. Qxc2 Rxf3 20. Bxa5 Nxh4 21. Qc7
Bc6 22. Rac1 Nf5 23. d5 Bxd5 24. Qc8 Qxc8 25. Rxc8+ Kf7 26. Rc7 Rd3 27. Bb4
Bxb4 28. axb4 Nd4 29. Kf1 Nf3 30. Rxd7+ Kg6 31. Nc5 Nxe1 32. Kxe1 Rd4 33. Nxa6
Re4+ 34. Kd2 Bxb3 35. Nc7 Bc4 36. Ne8 Re2+ 37. Kc3 Rxf2 38. Rxg7+ Kh6 39. Rg4
e5 40. Re4 Rf3+ 41. Kd2 Rd3+ 42. Ke1 Rxg3 43. Nd6 Rb3 44. Rxe5 Rxb4 45. Rc5 Kg6
46. Kf2 Rb2+ 47. Ke3 Bf1 48. Ne4 Bc4 49. Rc6+ Kg7 50. Rc7+ Kh6 51. Rc6+ Kg7 52.
Rc7+ Kg6 53. Rc6+ Kf5 54. Nd6+ Kg4 55. Nxc4 bxc4 56. Rxc4+ Kg3 57. Rc7 h5 58.
Rg7+ Kh3 59. Kf3 h4 60. Rh7 Rb4 61. Kf2 Kh2 62. Rg7 Rf4+ 63. Ke2 h3 64. Rg8 Rf7
65. Rg6 Ra7 66. Kf2 Ra2+ 67. Kf1 Rg2 68. Rf6 Rg5 69. Rf2+ Kh1 70. Rf3 Rg1+ 71.
Kf2 Rg2+ 72. Kf1 Kh2 73. Rf6 Rg3 1/2-1/2

[Event "1st China King Match (tie-break)  2015"]
[Site "Taizhou CHN"]
[Date "2015.11.27"]
[Round "2"]
[White "Yu, Yangyi"]
[Black "Wei, Yi"]
[Result "0-1"]
[WhiteElo "2734"]
[BlackElo "2737"]
[PlyCount "216"]
[EventDate "2015.11.24"]

1. e4 e5 2. Nf3 Nc6 3. Bb5 a6 4. Ba4 Nf6 5. d3 b5 6. Bb3 Bc5 7. O-O d6 8. a4
Rb8 9. axb5 axb5 10. h3 h6 11. Nc3 O-O 12. Nd5 Be6 13. Nxf6+ Qxf6 14. c3 Bxb3
15. Qxb3 Qe6 16. Qxe6 fxe6 17. Ra6 Rb6 18. Ra2 b4 19. Bd2 bxc3 20. bxc3 Rfb8
21. h4 Rb2 22. Rxb2 Rxb2 23. Ra1 Rb7 24. h5 Ra7 25. Rxa7 Bxa7 26. g4 Kf7 27.
Kf1 Ne7 28. g5 hxg5 29. Bxg5 Nc6 30. Ke2 Bb6 31. Bh4 Ba5 32. Ng5+ Ke7 33. Kd2
Nd4 34. Nf3+ Kf7 35. Ng5+ Ke7 36. Nf3+ Ke8 37. Ng1 Kf7 38. Bg5 c5 39. Be3 Kf6
40. f3 Kf7 41. f4 exf4 42. Bxf4 d5 43. exd5 exd5 44. Be3 Ne6 45. Kc2 Bxc3 46.
Bxc5 d4 47. Bd6 Kf6 48. Ne2 Ba5 49. Ng3 Kg5 50. Be7+ Kg4 51. Bd6 Be1 52. Ne4
Kxh5 53. Kd1 Ba5 54. Ke2 Kg4 55. Nf2+ Kf5 56. Ne4 g5 57. Nc5 g4 58. Nxe6 Kxe6
59. Bg3 Bd8 60. Bf2 Bf6 61. Bg3 Be5 62. Bh4 Kf5 63. Kf2 Kf4 64. Bg3+ Kf5 65.
Bh4 Bf4 66. Be7 Be5 67. Bh4 Ke6 68. Bg5 Kd5 69. Be7 Bf4 70. Bf8 Be5 71. Be7 Kc6
72. Bf8 Kb5 73. Ke2 Ka4 74. Bh6 Kb3 75. Bg5 Kc2 76. Bh4 Bh2 77. Bf6 Bg1 78. Be5
Be3 79. Bg3 Kb3 80. Be5 Kb4 81. Bd6+ Kb5 82. Kf1 Kc6 83. Be5 Kd5 84. Bc7 Ke6
85. Kg2 Kf5 86. Bb6 Kf4 87. Bc7+ Kf5 88. Bb6 Kg5 89. Bd8+ Kg6 90. Bb6 Kf5 91.
Bc5 Kf4 92. Bd6+ Kg5 93. Be7+ Kf5 94. Bc5 Ke6 95. Kg3 Kf5 96. Kg2 Kg5 97. Kg3
Bf4+ 98. Kg2 Be5 99. Bb4 Kf5 100. Bd2 Bf4 101. Bb4 Bc7 102. Bc5 Be5 103. Bb6
Kf4 104. Kf2 g3+ 105. Ke2 Kg4 106. Ba5 Kh3 107. Be1 Bf4 108. Kf3 g2 0-1

[Event "1st China King Match (tie-break)  2015"]
[Site "Taizhou CHN"]
[Date "2015.11.27"]
[Round "2"]
[White "Wei, Yi"]
[Black "Yu, Yangyi"]
[Result "1/2-1/2"]
[WhiteElo "2737"]
[BlackElo "2734"]
[PlyCount "64"]
[EventDate "2015.11.24"]

1. e4 d6 2. d4 g6 3. Nc3 a6 4. f4 b5 5. Nf3 Bb7 6. Bd3 Bg7 7. e5 e6 8. O-O Nd7
9. a4 bxa4 10. Rxa4 Ne7 11. Qe2 a5 12. Be3 Nb6 13. Ra3 O-O 14. Bf2 Nf5 15. Rfa1
Nd5 16. Nxd5 Bxd5 17. Be4 c6 18. Bxf5 exf5 19. c4 Bxf3 20. Qxf3 dxe5 21. dxe5
Qd2 22. b3 Rfd8 23. R3a2 Qd7 24. g3 Bf8 25. Rxa5 Rab8 26. Ra7 Qe6 27. R1a6 Rbc8
28. Ra2 h5 29. h4 Rb8 30. R2a6 Rbc8 31. Ra2 Rb8 32. R2a6 Rbc8 1/2-1/2

[Event "1st China Chess King Match 2015"]
[Site "Taizhou CHN"]
[Date "2015.11.29"]
[Round "5"]
[White "Bu, Xiangzhi"]
[Black "Wei, Yi"]
[Result "1/2-1/2"]
[WhiteElo "2710"]
[BlackElo "2737"]
[PlyCount "62"]
[EventDate "2015.11.24"]

1. Nf3 Nf6 2. c4 c5 3. Nc3 d5 4. cxd5 Nxd5 5. e3 e6 6. d4 Nc6 7. Bb5 cxd4 8.
Nxd4 Nxc3 9. bxc3 Bd7 10. Nxc6 Bxc6 11. Bxc6+ bxc6 12. Qa4 Qc7 13. Rb1 Bd6 14.
Ba3 O-O 15. Bxd6 Qxd6 16. O-O Rfd8 17. Rb7 Rd7 18. Rxd7 Qxd7 19. Rd1 Qc7 20. g3
Rb8 21. Qd4 h6 22. Qd6 Qxd6 23. Rxd6 a5 24. Rxc6 Rb1+ 25. Kg2 Ra1 26. c4 Rxa2
27. Rc8+ Kh7 28. Ra8 Rc2 29. Rxa5 Rxc4 30. Ra7 Kg8 31. Ra8+ Kh7 1/2-1/2

[Event "1st China Chess King Match 2015"]
[Site "Taizhou CHN"]
[Date "2015.11.30"]
[Round "6"]
[White "Wei, Yi"]
[Black "Bu, Xiangzhi"]
[Result "1-0"]
[WhiteElo "2737"]
[BlackElo "2710"]
[PlyCount "111"]
[EventDate "2015.11.24"]

1. e4 e5 2. Nf3 Nc6 3. Bb5 a6 4. Ba4 Nf6 5. O-O Be7 6. Re1 b5 7. Bb3 d6 8. c3
O-O 9. h3 Bb7 10. d4 Re8 11. Ng5 Rf8 12. Nf3 Re8 13. Nbd2 exd4 14. cxd4 Nd7 15.
Nf1 Na5 16. Bc2 Bf6 17. N1h2 c5 18. d5 Nc4 19. Rb1 Nde5 20. Nxe5 Bxe5 21. b3
Nb6 22. Ng4 Bd4 23. Be3 Bc3 24. Re2 b4 25. Bf4 a5 26. Re3 Bc8 27. Rg3 Bxg4 28.
hxg4 a4 29. g5 axb3 30. axb3 g6 31. Be3 c4 32. Rh3 Ra2 33. g3 Qc7 34. Kg2 Rea8
35. Rc1 Rb2 36. Bd4 f6 37. gxf6 Bxd4 38. Qxd4 Raa2 39. Rxh7 Qxh7 40. Qxb6 Qf7
41. Rh1 Ra8 42. Bd1 Qxf6 43. Bg4 Re8 44. Qa7 Qe5 45. Rh7 Rxf2+ 46. Kxf2 Rf8+
47. Kg2 Qxe4+ 48. Kh2 Rf2+ 49. Qxf2 Kxh7 50. Qf7+ Kh8 51. Qf4 Qc2+ 52. Kh3 Kg7
53. Qd4+ Kh7 54. Qxc4 Qf2 55. Qf4 Qg1 56. Qf3 1-0

[Event "London Chess Classic 2015"]
[Site "London ENG"]
[Date "2015.12.04"]
[Round "1"]
[White "Topalov, Veselin"]
[Black "Giri, Anish"]
[Result "0-1"]
[WhiteElo "2803"]
[BlackElo "2778"]
[PlyCount "80"]
[EventDate "2015.12.04"]

1. d4 Nf6 2. c4 g6 3. g3 c6 4. Bg2 d5 5. Qa4 Nfd7 6. cxd5 Nb6 7. Qd1 cxd5 8.
Nc3 Nc6 9. e3 Bg7 10. Nge2 O-O 11. O-O Re8 12. b3 e5 13. dxe5 Nxe5 14. h3 Bf5
15. Nd4 Bd3 16. Re1 Ba6 17. Qd2 Nd3 18. Rd1 Bxd4 19. exd4 Qf6 20. a4 Qxd4 21.
a5 Nd7 22. Ra4 Qe5 23. Nxd5 Nxc1 24. Rxc1 Nf6 25. Nc7 Rad8 26. Qf4 g5 27. Qb4
Qb2 28. Raa1 Re2 29. Qc5 h6 30. Nxa6 bxa6 31. Rab1 Qd2 32. Bf3 Ne4 33. Qxa7
Nxf2 34. Bxe2 Nxh3+ 35. Kf1 Qd5 36. Bh5 Qh1+ 37. Ke2 Qg2+ 38. Ke1 Re8+ 39. Kd1
Nf2+ 40. Kc2 Ne4+ 0-1

[Event "London Chess Classic 2015"]
[Site "London ENG"]
[Date "2015.12.04"]
[Round "1"]
[White "Anand, Viswanathan"]
[Black "Adams, Michael"]
[Result "1/2-1/2"]
[WhiteElo "2803"]
[BlackElo "2744"]
[PlyCount "64"]
[EventDate "2015.12.04"]

1. c4 e5 2. g3 Nf6 3. Bg2 d5 4. cxd5 Nxd5 5. Nc3 Nb6 6. Nf3 Nc6 7. O-O Be7 8.
d3 O-O 9. Be3 Re8 10. Rc1 Bf8 11. Ne4 Nd4 12. Qd2 a5 13. Nc5 Nxf3+ 14. Bxf3 Nd5
15. a3 b6 16. Na4 Bb7 17. Rfe1 Rb8 18. Bg2 Qd7 19. Nc3 Nxe3 20. Qxe3 Bc5 21.
Qg5 h6 22. Qh5 Bxg2 23. Kxg2 Bd4 24. Rc2 Bxc3 25. Rxc3 c5 26. Rec1 Qb5 27. R1c2
Rbd8 28. Qf3 g6 29. Qb7 Rb8 30. Qd5 Rbd8 31. Qb7 Rb8 32. Qd5 Rbd8 1/2-1/2

[Event "London Chess Classic 2015"]
[Site "London ENG"]
[Date "2015.12.04"]
[Round "1"]
[White "Caruana, Fabiano"]
[Black "Aronian, Levon"]
[Result "1/2-1/2"]
[WhiteElo "2787"]
[BlackElo "2781"]
[PlyCount "101"]
[EventDate "2015.12.04"]

1. e4 e5 2. Nf3 Nc6 3. Bb5 a6 4. Ba4 Nf6 5. O-O Be7 6. d3 b5 7. Bb3 O-O 8. Nc3
d6 9. a3 Na5 10. Ba2 Be6 11. d4 Bxa2 12. Rxa2 Nc6 13. d5 Nb8 14. Be3 Qc8 15.
Qe2 Nbd7 16. Rd1 Qb7 17. Raa1 Rfc8 18. h3 Rab8 19. Nh2 h5 20. Nf3 Nb6 21. Bg5
g6 22. Na2 c6 23. dxc6 Rxc6 24. Bxf6 Bxf6 25. Nb4 Rc4 26. Nd5 Be7 27. Nxb6 Qxb6
28. c3 a5 29. Rd5 Rc5 30. Rad1 b4 31. Rxc5 Qxc5 32. Rd5 Qa7 33. axb4 axb4 34.
c4 Rc8 35. b3 Rc5 36. Rxc5 Qxc5 37. g3 Bd8 38. Qd2 Bb6 39. Kg2 Kg7 40. Ne1 Qc7
41. Nc2 Bc5 42. Ne3 Bxe3 43. Qxe3 Qc6 44. g4 hxg4 45. hxg4 Qc8 46. Kg3 Qc5 47.
Qxc5 dxc5 48. g5 Kf8 49. f4 Ke7 50. f5 Kd6 51. f6 1/2-1/2

[Event "London Chess Classic 2015"]
[Site "London ENG"]
[Date "2015.12.04"]
[Round "1"]
[White "Vachier-Lagrave, Maxime"]
[Black "Carlsen, Magnus"]
[Result "1/2-1/2"]
[WhiteElo "2765"]
[BlackElo "2850"]
[PlyCount "56"]
[EventDate "2015.12.04"]

1. e4 c5 2. Nf3 Nc6 3. d4 cxd4 4. Nxd4 Nf6 5. Nc3 e5 6. Ndb5 d6 7. Bg5 a6 8.
Na3 b5 9. Nd5 Be7 10. Bxf6 Bxf6 11. c3 O-O 12. Nc2 Rb8 13. a4 bxa4 14. Ncb4
Nxb4 15. cxb4 Bb7 16. Rxa4 Qc8 17. Nxf6+ gxf6 18. Bd3 Bc6 19. Rxa6 Rxb4 20. O-O
Rd4 21. Qf3 Bxe4 22. Bxe4 Qxa6 23. Qg4+ Kh8 24. Qf5 Rxe4 25. Qxf6+ Kg8 26. Qg5+
Kh8 27. Qf6+ Kg8 28. Qg5+ Kh8 1/2-1/2

[Event "London Chess Classic 2015"]
[Site "London ENG"]
[Date "2015.12.05"]
[Round "2"]
[White "Aronian, Levon"]
[Black "Anand, Viswanathan"]
[Result "1/2-1/2"]
[WhiteElo "2781"]
[BlackElo "2803"]
[PlyCount "67"]
[EventDate "2015.12.04"]

1. d4 Nf6 2. c4 e6 3. Nf3 d5 4. Nc3 Bb4 5. Bd2 O-O 6. e3 c5 7. a3 Bxc3 8. Bxc3
Ne4 9. Qc2 Nxc3 10. bxc3 Nd7 11. Bd3 h6 12. cxd5 exd5 13. Qb2 Qe7 14. O-O Nf6
15. Rfb1 c4 16. Bc2 Ne4 17. a4 Re8 18. a5 Nd6 19. Qb4 Be6 20. Re1 Bf5 21. Bxf5
Nxf5 22. Qxe7 Rxe7 23. h4 h5 24. g3 Nd6 25. Reb1 Rc8 26. Kg2 f6 27. Ng1 g5 28.
Nf3 Ne4 29. Ra3 Rf8 30. Rb5 Rd7 31. Rb2 Rg7 32. Rb5 Rd7 33. Rb2 Rg7 34. Rb5
1/2-1/2

[Event "London Chess Classic 2015"]
[Site "London ENG"]
[Date "2015.12.05"]
[Round "2"]
[White "Giri, Anish"]
[Black "Adams, Michael"]
[Result "1/2-1/2"]
[WhiteElo "2778"]
[BlackElo "2744"]
[PlyCount "52"]
[EventDate "2015.12.04"]

1. d4 Nf6 2. c4 e6 3. Nc3 Bb4 4. Qc2 d5 5. a3 Bxc3+ 6. Qxc3 Ne4 7. Qc2 c5 8.
dxc5 Nc6 9. Nf3 Qa5+ 10. Bd2 Qxc5 11. e3 Nxd2 12. Nxd2 dxc4 13. Bxc4 O-O 14. b4
Qe7 15. Bd3 h6 16. Qc3 a6 17. O-O Bd7 18. Nc4 Rab8 19. Nb6 Rfd8 20. Rac1 Be8
21. Be4 Na7 22. a4 Qd6 23. Nc4 Qe7 24. Nb6 Qd6 25. Nc4 Qe7 26. Nb6 Qd6 1/2-1/2

[Event "London Chess Classic 2015"]
[Site "London ENG"]
[Date "2015.12.05"]
[Round "2"]
[White "Carlsen, Magnus"]
[Black "Caruana, Fabiano"]
[Result "1/2-1/2"]
[WhiteElo "2850"]
[BlackElo "2787"]
[PlyCount "84"]
[EventDate "2015.12.04"]

1. e4 e5 2. Nf3 Nc6 3. Bb5 Nf6 4. O-O Nxe4 5. Re1 Nd6 6. Nxe5 Be7 7. Bf1 Nxe5
8. Rxe5 O-O 9. Nc3 Ne8 10. Nd5 Bd6 11. Re1 c6 12. Ne3 Be7 13. c4 Nc7 14. d4 d5
15. cxd5 Nxd5 16. Nxd5 cxd5 17. Bf4 Bf6 18. Be5 Bxe5 19. Rxe5 Re8 20. Rxe8+
Qxe8 21. Qb3 Qc6 22. Bb5 Qb6 23. Qxd5 a6 24. Bd3 Be6 25. Qe4 g6 26. d5 Bf5 27.
Qe2 Bxd3 28. Qxd3 Qxb2 29. Re1 Rd8 30. d6 Rd7 31. g3 Qf6 32. Rd1 Qe5 33. Qa3 a5
34. f4 Qe2 35. Qc1 Qe6 36. Qc5 b5 37. Qxb5 Rxd6 38. Qb8+ Kg7 39. Qxd6 Qe3+ 40.
Kg2 Qe2+ 41. Kg1 Qe3+ 42. Kg2 Qe2+ 1/2-1/2

[Event "London Chess Classic 2015"]
[Site "London ENG"]
[Date "2015.12.05"]
[Round "2"]
[White "Topalov, Veselin"]
[Black "Grischuk, Alexander"]
[Result "1/2-1/2"]
[WhiteElo "2803"]
[BlackElo "2750"]
[PlyCount "65"]
[EventDate "2015.12.04"]

1. e4 e5 2. Nf3 Nc6 3. Bb5 Nf6 4. d3 Bc5 5. c3 O-O 6. Nbd2 d6 7. h3 a6 8. Bxc6
bxc6 9. O-O Re8 10. Re1 h6 11. Nf1 Bb6 12. Ng3 Bd7 13. Be3 Qb8 14. Qd2 Bxe3 15.
Rxe3 a5 16. d4 exd4 17. cxd4 Qb4 18. b3 Qxd2 19. Nxd2 a4 20. a3 axb3 21. Rxb3
Ra4 22. Rb7 Rxd4 23. Nf3 Ra4 24. Rxc7 Rc8 25. Rxc8+ Bxc8 26. e5 dxe5 27. Nxe5
c5 28. Rc1 Rxa3 29. Rxc5 Be6 30. Rc1 Ra8 31. Nf3 Rc8 32. Rxc8+ Bxc8 33. Nd4
1/2-1/2

[Event "London Chess Classic 2015"]
[Site "London ENG"]
[Date "2015.12.06"]
[Round "3"]
[White "Grischuk, A."]
[Black "Giri, A."]
[Result "1/2-1/2"]
[WhiteElo "2750"]
[BlackElo "2778"]
[PlyCount "93"]
[EventDate "2015.12.03"]

1. e4 e5 2. Nf3 Nc6 3. Bb5 Nf6 4. O-O Nxe4 5. d4 Nd6 6. Bxc6 dxc6 7. dxe5 Nf5
8. Qxd8+ Kxd8 9. h3 Ke8 10. Nc3 h5 11. Ne2 b6 12. Bg5 c5 13. Nc3 Bb7 14. Rad1
Bxf3 15. gxf3 c6 16. Ne4 Be7 17. f4 Bxg5 18. fxg5 Ke7 19. Nd6 Ke6 20. f4 Rad8
21. Rfe1 g6 22. Kf2 Nd4 23. c3 Nf5 24. Kf3 Ng7 25. Rd2 Ke7 26. Red1 Rhg8 27. a4
a6 28. Nc4 Rxd2 29. Rxd2 b5 30. Na5 Rc8 31. Rd6 bxa4 32. Rxc6 Rd8 33. Nc4 a3
34. bxa3 Rd3+ 35. Ke4 Rxc3 36. Nd6 Rxa3 37. Rc7+ Ke6 38. Rxf7 Ne8 39. Rf8 Nxd6+
40. exd6 Ra4+ 41. Ke3 Kxd6 42. Rf6+ Kd5 43. f5 Ra3+ 44. Kf4 Ra4+ 45. Ke3 Ra3+
46. Kf4 Ra4+ 47. Ke3 1/2-1/2

[Event "London Chess Classic 2015"]
[Site "London ENG"]
[Date "2015.12.06"]
[Round "3"]
[White "Adams, Mi"]
[Black "Aronian, L."]
[Result "1/2-1/2"]
[WhiteElo "2744"]
[BlackElo "2781"]
[PlyCount "68"]
[EventDate "2015.12.03"]

1. e4 e5 2. Nf3 Nc6 3. Bb5 a6 4. Ba4 Nf6 5. O-O Be7 6. Re1 b5 7. Bb3 O-O 8. a4
b4 9. d4 d6 10. dxe5 dxe5 11. Qxd8 Rxd8 12. Nbd2 Bd6 13. a5 h6 14. Bc4 Re8 15.
Nb3 Be6 16. Bd3 Red8 17. Nfd2 Nd7 18. Nc4 Nc5 19. Nxc5 Bxc5 20. Be3 Bxe3 21.
Nxe3 b3 22. Bf1 Nd4 23. cxb3 Nxb3 24. Ra3 Rd2 25. Re2 Rxe2 26. Bxe2 Nd4 27. Bf1
Kf8 28. Rc3 Rb8 29. Rxc7 Rxb2 30. h4 Ra2 31. Bxa6 Rxa5 32. Bc8 Ra8 33. Bxe6
Nxe6 34. Rc2 h5 1/2-1/2

[Event "London Chess Classic 2015"]
[Site "London ENG"]
[Date "2015.12.06"]
[Round "3"]
[White "Anand, V."]
[Black "Carlsen, M."]
[Result "1/2-1/2"]
[WhiteElo "2803"]
[BlackElo "2850"]
[PlyCount "111"]
[EventDate "2015.12.03"]

1. e4 e5 2. Nf3 Nc6 3. Bb5 Nf6 4. O-O Nxe4 5. d4 Nd6 6. Bxc6 dxc6 7. dxe5 Nf5
8. Qxd8+ Kxd8 9. Nc3 Ke8 10. h3 Be6 11. Rd1 Bc5 12. g4 Ne7 13. Ng5 Bd5 14. Nge4
Bb6 15. Kg2 Rd8 16. Bf4 Ng6 17. Bg3 h5 18. f4 hxg4 19. hxg4 Ke7 20. Rh1 Bd4 21.
Nxd5+ cxd5 22. Nc3 Bxc3 23. bxc3 Kd7 24. f5 Ne7 25. Rae1 Rde8 26. Kf3 Rxh1 27.
Rxh1 Nc6 28. Re1 g5 29. a4 a6 30. Kg2 Kc8 31. Kf2 b6 32. Kf3 Kd7 33. Kf2 Kc8
34. Re3 Na5 35. Re1 Nc4 36. Kf3 Kd7 37. Kg2 a5 38. Kf2 c6 39. Kg2 b5 40. Rb1
Rh8 41. Bf2 Nxe5 42. axb5 Nxg4 43. bxc6+ Kxc6 44. Bd4 Re8 45. Kg3 Ne5 46. Rb6+
Kc7 47. Rf6 Kd7 48. Bxe5 Rxe5 49. Kg4 Ke7 50. Kxg5 Re1 51. Ra6 f6+ 52. Kg4 Rg1+
53. Kf4 Rf1+ 54. Kg4 Rg1+ 55. Kf4 Rf1+ 56. Kg4 1/2-1/2

[Event "London Chess Classic 2015"]
[Site "London ENG"]
[Date "2015.12.07"]
[Round "4"]
[White "Giri, Anish"]
[Black "Aronian, Levon"]
[Result "1/2-1/2"]
[WhiteElo "2778"]
[BlackElo "2781"]
[PlyCount "65"]
[EventDate "2015.12.04"]

1. c4 Nf6 2. Nc3 e5 3. g3 Bb4 4. Bg2 O-O 5. e4 Bxc3 6. bxc3 Re8 7. d3 c6 8. Nf3
d5 9. cxd5 cxd5 10. exd5 Nxd5 11. Qc2 Qc7 12. O-O Qxc3 13. Qxc3 Nxc3 14. Bb2
Na4 15. Bxe5 Nc6 16. Rfe1 Nb6 17. Bc7 Rxe1+ 18. Rxe1 Be6 19. Ne5 Rc8 20. Bxb6
Nxe5 21. Bxa7 Nxd3 22. Rd1 Nb2 23. Ra1 b5 24. a3 h6 25. Bd4 Nc4 26. h4 Bd7 27.
Kh2 Bc6 28. Bc3 Bxg2 29. Kxg2 Ne3+ 30. fxe3 Rxc3 31. Kf3 h5 32. Rb1 Rxa3 33.
Rxb5 1/2-1/2

[Event "London Chess Classic 2015"]
[Site "London ENG"]
[Date "2015.12.07"]
[Round "4"]
[White "Grischuk, Alexander"]
[Black "Vachier-Lagrave, Maxime"]
[Result "1/2-1/2"]
[WhiteElo "2750"]
[BlackElo "2765"]
[PlyCount "85"]
[EventDate "2015.12.04"]

1. e4 c5 2. Nf3 d6 3. d4 cxd4 4. Nxd4 Nf6 5. Nc3 a6 6. Bg5 e6 7. f4 h6 8. Bh4
Qb6 9. a3 Be7 10. Bf2 Qc7 11. Qf3 b5 12. g4 Nc6 13. O-O-O Bb7 14. h4 d5 15. e5
Ne4 16. Nxe4 dxe4 17. Qc3 Rc8 18. Rh3 b4 19. axb4 Nxb4 20. Qxc7 Rxc7 21. f5 O-O
22. Be1 Bd5 23. g5 Rfc8 24. Bxb4 Bxb4 25. f6 Kh7 26. c3 gxf6 27. gxf6 Rg8 28.
Bxa6 Bc5 29. Nb5 Rc6 30. Bb7 Rb6 31. Bxd5 exd5 32. Nd4 Bxd4 33. cxd4 Rg2 34.
Rd2 Rxd2 35. Kxd2 Kg6 36. b3 Kf5 37. Rg3 Kf4 38. Rg1 e3+ 39. Kd3 Rxb3+ 40. Kc2
Rb6 41. Kd3 Rb3+ 42. Kc2 Rb6 43. Kd3 1/2-1/2